| 000 | 00807nam a2200265 a 4500 | ||
|---|---|---|---|
| 003 | AR-BaBNM | ||
| 005 | 20251128203206.0 | ||
| 008 | 082120s2002 ||||||||||||||000 | spa|| | ||
| 040 | _cAR-BaBNM | ||
| 100 | 1 |
_aRuano, Jesús María _cS.J. |
|
| 245 | 0 | 0 |
_aLecciones de literatura preceptiva _bsacadas del estudio analítico-intuitivo de selectos modelos clásicos e hispano-americanos |
| 250 | _a4ª ed. | ||
| 260 |
_aBogotá _bColegio de San Bartolomé _c1933 |
||
| 300 | _a455 p. | ||
| 500 | _aIndice onomástico p. 449-455 | ||
| 650 | 4 | _aCOMPOSICION LITERARIA | |
| 650 | 4 | _aANALISIS LITERARIO | |
| 650 | 4 | _aHISTORIA LITERARIA | |
| 650 | 4 | _aEJERCITACION DE LA EXPRESION ORAL | |
| 650 | 4 | _aORATORIA | |
| 653 | _aPRECEPTIVA LITERARIA | ||
| 655 | _aLITERATURA | ||
| 942 | _cBK | ||
| 998 | _cCarmen | ||
| 999 |
_c2316 _d2316 |
||